| 000 | 00675nas a2200241 4500 | ||
|---|---|---|---|
| 001 | BR9603141 | ||
| 003 | BR-BrBNA | ||
| 005 | 20231205095754.0 | ||
| 007 | ta | ||
| 008 | 230509b bl.|||p| |||| 00| 00por d | ||
| 040 |
_aBR-BrBNA _bpor _cBiblioteca Nacional de Agricultura |
||
| 041 | _a(Pt) | ||
| 072 | _aF01 | ||
| 100 | 1 | _aMachado, N.F. | |
| 100 | 1 | _aAndrade, A.A. de | |
| 245 | 1 | _aO trigo ainda e a melhor opcao para cultivo no periodo de inverno | |
| 650 | _aTrigo | ||
| 650 | _aPlantio | ||
| 650 | _aVariedade | ||
| 773 | 0 |
_tRevista Batavo (Brazil) _x _g(Dec 1992), v. 2(14) p. 18 _wBR9603141 |
|
| 909 |
_a202311 _bLúcia _c55 _dLúcia Elande |
||
| 942 |
_2AGRIS _n0 _cANA |
||
| 999 |
_c152628 _d152628 |
||